Vplyv covidu na vybrané finančné ukazovatele v sektore cestovného ruchu bakalárska práca

Enregistré dans:
Détails bibliographiques
Auteur principal: Halanda, Jakub
Collectivité auteur: Fakulta hospodárskej informatiky EU. Katedra účtovníctva a audítorstva
Autres auteurs: Bednárová, Michaela, 1987-
Format: Livre
Langue:slovaque
Publié: Bratislava 2023
Tags: Ajouter un tag
Pas de tags, Soyez le premier à ajouter un tag!

MARC

LEADER 00000nbm a2200000 4500
001 0302523
005 20250904105111.7
041 0 |a slo 
044 |a SK 
245 1 0 |a Vplyv covidu na vybrané finančné ukazovatele v sektore cestovného ruchu  |b bakalárska práca  |c Jakub Halanda ; školiteľ: Michaela Bednárová 
264 1 |a Bratislava  |c 2023 
300 |a 55 s. 
100 1 |a Halanda, Jakub 
700 1 |a Bednárová, Michaela, 1987- 
710 2 |a Fakulta hospodárskej informatiky EU. Katedra účtovníctva a audítorstva